[Event "mature chess players"]
[Site "SchemingMind.com"]
[Date "2006.12.04"]
[Round "-"]
[White "Tanis"]
[Black "mebalse"]
[Result "1-0"]
[WhiteCountry "CHN"]
[BlackCountry "URU"]
[WhiteElo "2011"]
[WhiteRD "83"]
[BlackElo "1888"]
[BlackRD "81"]
[GameID "80148"]

1. e4 e5 2. Nf3 Nc6 3. Bb5 a6 4. Ba4 b5 5. Bb3 Qf6 6. O-O Bc5 7. Nc3 Nce7 8. Re1 Bb7 9. a4 c6 10. Ne2 Ng6
11. d4 exd4 12. Nexd4 Bxd4 13. Nxd4 N8e7 14. Be3 O-O 15. axb5 axb5 16. Qg4 Ne5 17. Qg3 Nc4 18. Bxc4 bxc4 19. Qc7 Rxa1 20. Rxa1 c5
21. Qxc5 Bxe4 22. Bg5 Qg6 23. Qxe7 h6 24. f3 Bxc2 25. Qxf8+
1-0

[Event "mature chess players"]
[Site "SchemingMind.com"]
[Date "2006.12.04"]
[Round "-"]
[White "Tanis"]
[Black "ekulrac"]
[Result "1-0"]
[WhiteCountry "CHN"]
[BlackCountry "SCO"]
[WhiteElo "2011"]
[WhiteRD "83"]
[BlackElo "1702"]
[BlackRD "59"]
[GameID "80149"]

1. e4 Nc6 2. d4 e5 3. dxe5 Nxe5 4. f4 Ng6 5. Nf3 d6 6. Bc4 Be7 7. O-O Nf6 8. Qd3 O-O 9. Nc3 a6 10. Rd1 b5
11. Bb3 b4 12. Nd5 Bb7 13. Be3 Nxd5 14. Bxd5 Bxd5 15. exd5 Bf6 16. Rab1 Re8 17. c3 a5 18. a3 b3 19. Re1 Re7 20. g3 Qd7
21. Bd4 Bxd4+ 22. Nxd4 Rae8 23. Rxe7 Qxe7 24. Nxb3 a4 25. Nd4 h5 26. c4 h4 27. Rd1 h3 28. b4 Qe3+ 29. Qxe3 Rxe3 30. Nb5 Kf8
31. Nxc7 Rxa3 32. Re1 Kg8 33. b5 Rb3 34. Ne8 a3 35. Ra1 a2 36. Rxa2 Rb1+ 37. Kf2 Rh1 38. Kf3 Ne7 39. Nxd6 Rf1+ 40. Kg4
1-0

[Event "mature chess players"]
[Site "SchemingMind.com"]
[Date "2006.12.05"]
[Round "-"]
[White "Tanis"]
[Black "DeekMan"]
[Result "0-1"]
[WhiteCountry "CHN"]
[BlackCountry "SCO"]
[WhiteElo "2011"]
[WhiteRD "83"]
[BlackElo "2070"]
[BlackRD "118"]
[GameID "80150"]

1. e4 e5 2. Nf3 Nc6 3. Bb5 a6 4. Ba4 Nf6 5. O-O Bc5 6. c3 O-O 7. d4 exd4 8. cxd4 Bb6 9. d5 Ne7 10. Nc3 d6
11. Bg5 Ng6 12. Nd4 h6 13. Bc1 Bd7 14. Bxd7 Qxd7 15. f3 a5 16. b3 c5 17. Nf5 Ne7 18. Nxe7+ Qxe7 19. Bb2 c4+ 20. Kh1 Rfc8
21. Ne2 cxb3 22. Qxb3 Bc5 23. Nd4 g6 24. Rab1 h5 25. Rfc1 a4 26. Qc3 Bb6 27. Qxc8+ Rxc8 28. Rxc8+ Kg7 29. Rc4 Bc5 30. Bc3 a3
31. e5 dxe5
0-1

[Event "mature chess players"]
[Site "SchemingMind.com"]
[Date "2006.12.05"]
[Round "-"]
[White "rabbit"]
[Black "Tanis"]
[Result "1/2-1/2"]
[WhiteCountry "USA"]
[BlackCountry "CHN"]
[WhiteElo "2071"]
[WhiteRD "89"]
[BlackElo "2011"]
[BlackRD "83"]
[GameID "80151"]

1. e4 e5 2. Nf3 f5 3. exf5 Nc6 4. d4 e4 5. Ne5 Nf6 6. Bc4 Qe7 7. Nf7 Rg8 8. Nc3 Nb4 9. Bg5 d5 10. Nxd5 Nbxd5
11. Bxd5 Qb4+ 12. c3 Qxb2 13. Bxf6 gxf6 14. O-O Bxf5 15. Nh6 Bxh6 16. Bxg8 O-O-O 17. Qh5 Bg5 18. Bxh7 Bxh7 19. Qxh7 Qxc3 20. h4 Bd2
21. Qf5+ Rd7 22. Qxf6 e3 23. Qf8+ Rd8 24. Qf5+ Rd7=
1/2-1/2

[Event "mature chess players"]
[Site "SchemingMind.com"]
[Date "2006.12.04"]
[Round "-"]
[White "agrillage"]
[Black "Tanis"]
[Result "0-1"]
[WhiteCountry "MLT"]
[BlackCountry "CHN"]
[WhiteElo "2010"]
[WhiteRD "70"]
[BlackElo "2000"]
[BlackRD "77"]
[GameID "80152"]

1. c4 Nc6 2. g3 e5 3. Bg2 g6 4. Nc3 d6 5. e4 f5 6. d3 Bg7 7. Nge2 Nf6 8. O-O O-O 9. Nd5 Be6 10. Bg5 Ne7
11. Nxe7+ Qxe7 12. Qc1 Rab8 13. d4 fxe4 14. dxe5 dxe5 15. Bxe4 Qc5 16. Bxf6 Rxf6 17. Bd5 Bxd5 18. cxd5 Qb6 19. Qc2 a6 20. Nc3 Rd6
21. Rad1 Rbd8 22. b3 Qc5 23. Rc1 R6d7 24. Qe4 Rf7 25. Rc2 Qa7 26. Qc4 b5 27. Qh4 Rd6 28. Qg4 Rf5 29. a4 bxa4 30. Qxa4 Qb7
31. Rfc1 Bh6 32. Rd1 Rf7 33. Qc4 Rb6 34. Ne4 Rb4 35. Qe2 Bf8 36. Ng5 Rf5 37. Ne6 Bd6 38. g4 Rf6 39. Rc6 Rxe6 40. Rxa6 Rf6
41. Rc6 Rxb3 42. Rf1 Rf4 43. Qd1 Qb5
0-1

[Event "mature chess players"]
[Site "SchemingMind.com"]
[Date "2006.12.06"]
[Round "-"]
[White "Gambiteer"]
[Black "Tanis"]
[Result "1/2-1/2"]
[WhiteCountry "ENG"]
[BlackCountry "CHN"]
[WhiteElo "2139"]
[WhiteRD "62"]
[BlackElo "2000"]
[BlackRD "77"]
[GameID "80153"]

1. d4 Nf6 2. Nf3 e6 3. e3 c5 4. c3 d5 5. Bd3 Nc6 6. Nbd2 Bd6 7. O-O O-O 8. dxc5 Bxc5 9. e4 Qc7 10. Qe2 Rd8
11. e5 Nd7 12. Nb3 h6 13. Bf4 b6 14. Rad1 Bb7 15. h4 Be7 16. h5 Nc5 17. Nxc5 bxc5 18. Bb1 Kf8 19. Qd3 Ke8 20. Qh7 Bf8
21. Bc2 Rab8 22. Rfe1 Qb6 23. Bc1 Qa6 24. a3 Qc4 25. Rd3 Ba6 26. Rde3 Rd7 27. b4 d4 28. cxd4 Nxd4 29. Ba4 Bb5 30. Nd2 Qa2
31. Bxb5 Rxb5 32. Rc3 cxb4 33. axb4 Rb8 34. Qg8 Qa4 35. b5 Nxb5 36. Rg3 Rc8 37. Nf3 Rd1 38. Bd2 Nd4 39. Nxd4 Rxe1+ 40. Bxe1 Qxd4
41. Rf3 Rc7 42. Rb3 Qd8 43. Rb1 Rd7 44. Kh2 Rd1 45. Rxd1 Qxd1 46. Bb4 Qxh5+ 47. Kg1 Qd1+=
1/2-1/2

[Event "mature chess players"]
[Site "SchemingMind.com"]
[Date "2006.12.06"]
[Round "-"]
[White "Aumonde"]
[Black "Tanis"]
[Result "1-0"]
[WhiteCountry "USA"]
[BlackCountry "CHN"]
[WhiteElo "2212"]
[WhiteRD "60"]
[BlackElo "2011"]
[BlackRD "83"]
[GameID "80154"]

1. e4 e5 2. Nf3 f5 3. Nc3 fxe4 4. Nxe5 Nf6 5. Ng4 Nc6 6. Bc4 Nd4 7. O-O Nxg4 8. Qxg4 Qe7 9. Nd5 d6 10. Qf4 Ne6
11. Qxe4 Qf7 12. f4 c6 13. f5 cxd5 14. Bxd5 Qc7 15. fxe6 Qb6+ 16. d4 Be7 17. Rf7 Bf6 18. Be3 Qxb2 19. Bc6+ Kd8 20. e7+
1-0

[Event "mature chess players"]
[Site "SchemingMind.com"]
[Date "2006.12.05"]
[Round "-"]
[White "Miael_"]
[Black "Tanis"]
[Result "0-1"]
[WhiteCountry "ARG"]
[BlackCountry "CHN"]
[WhiteElo "1647"]
[WhiteRD "71"]
[BlackElo "2011"]
[BlackRD "83"]
[GameID "80155"]

1. e4 e5 2. Nf3 f5 3. Nxe5 Qf6 4. Nc4 fxe4 5. Nc3 Qf7 6. Ne3 c6 7. Nxe4 d5 8. Ng3 h5 9. h4 g6 10. Bd3 Bc5
11. b3 Ne7
0-1

[Event "mature chess players"]
[Site "SchemingMind.com"]
[Date "2006.12.05"]
[Round "-"]
[White "mebalse"]
[Black "Tanis"]
[Result "1-0"]
[WhiteCountry "URU"]
[BlackCountry "CHN"]
[WhiteElo "1888"]
[WhiteRD "81"]
[BlackElo "2011"]
[BlackRD "83"]
[GameID "80156"]

1. d4 d5 2. Bf4 Nf6 3. e3 c5 4. Bxb8 Rxb8 5. dxc5 Qa5+ 6. c3 Qxc5 7. Nd2 e5 8. Ngf3 Bd6 9. Nb3 Qb6 10. h3 O-O
11. Qc2 Bd7 12. Nbd2 Rfc8 13. Qb3 Qa5 14. a3 Rc7 15. Qa2 Rbc8 16. Rc1 b5 17. Qa1 Bf5 18. b4 Qb6 19. g4 Be4 20. Be2 Bxf3
21. Bxf3 d4 22. Ke2 Rxc3 23. Rxc3 Rxc3 24. Rc1 Qc6 25. Bxc6
1-0

[Event "mature chess players"]
[Site "SchemingMind.com"]
[Date "2006.12.04"]
[Round "-"]
[White "ekulrac"]
[Black "Tanis"]
[Result "0-1"]
[WhiteCountry "SCO"]
[BlackCountry "CHN"]
[WhiteElo "1702"]
[WhiteRD "59"]
[BlackElo "2011"]
[BlackRD "83"]
[GameID "80157"]

1. e4 e5 2. Nf3 f5 3. d3 Nc6 4. Be3 Nf6 5. Bg5 h6 6. Bxf6 Qxf6 7. Be2 Bb4+ 8. c3 fxe4 9. dxe4 Bc5 10. O-O Rf8
11. Nbd2 Be7 12. Nc4 d6 13. b4 Be6 14. b5 Nb8 15. a4 Qf4 16. Qc2 Nd7 17. a5 Nc5 18. Ncd2 d5 19. b6 dxe4 20. Ne1 axb6
21. Nc4 Bxc4 22. Rd1 Bb3 23. Bh5+ Rf7 24. Qe2 Bxd1 25. Bxf7+ Qxf7 26. Qxd1 Rxa5 27. Nc2 Bg5
0-1

[Event "mature chess players"]
[Site "SchemingMind.com"]
[Date "2006.12.05"]
[Round "-"]
[White "DeekMan"]
[Black "Tanis"]
[Result "1-0"]
[WhiteCountry "SCO"]
[BlackCountry "CHN"]
[WhiteElo "2101"]
[WhiteRD "77"]
[BlackElo "2000"]
[BlackRD "77"]
[GameID "80158"]

1. d4 Nf6 2. Nf3 e6 3. e3 c5 4. Bd3 Qb6 5. O-O Nc6 6. Nc3 cxd4 7. Na4 Qb4 8. c3 dxc3 9. Nxc3 d5 10. a3 Qe7
11. Re1 e5 12. e4 d4 13. Nd5 Qd6 14. Qc2 Be6 15. Nxe5 Bxd5 16. Nxc6 Bxc6 17. e5 Qe6 18. Bf5 Qd5 19. exf6+ Kd8 20. Be4 Qd7
21. fxg7 Bxg7 22. Bxc6 bxc6 23. Bg5+ f6 24. Bf4 Bf8 25. Qa4 Bc5 26. Rac1 Re8 27. Qa5+ Bb6 28. Qa6 Rc8 29. Qc4 Re7 30. b4 Rxe1+
31. Rxe1 Qd5 32. Qd3 Qd7 33. Qg3 Qf7 34. Bd6 Ra8 35. Qf3 Rc8 36. Qf5
1-0

[Event "mature chess players"]
[Site "SchemingMind.com"]
[Date "2006.12.04"]
[Round "-"]
[White "Mariazb"]
[Black "rabbit"]
[Result "1-0"]
[WhiteCountry "ARG"]
[BlackCountry "USA"]
[WhiteElo "2224"]
[WhiteRD "68"]
[BlackElo "1943"]
[BlackRD "74"]
[GameID "80166"]

1. d4 d5 2. c4 dxc4 3. Nf3 Nf6 4. e3 e6 5. Bxc4 c5 6. O-O a6 7. a4 Nc6 8. Nc3 Be7 9. Ne5 O-O 10. Qd3 Qb6
11. h3 Rd8 12. Nxc6 Qxc6 13. Rd1 Qc7 14. Qe2 Bd7 15. d5 exd5 16. Bxd5 Be6 17. e4 Bxd5 18. exd5 Bd6 19. Bg5 Bh2+ 20. Kf1 Be5
21. Ne4 Qb6 22. d6 Qxb2 23. Qxb2 Bxb2 24. Rab1 Bd4 25. Bxf6 gxf6 26. Rxb7 f5 27. Ng3 Rxd6 28. Nxf5 Rf6 29. g4 Re8 30. Rd7 Rb6
31. Nxd4 cxd4 32. R1xd4 Rbe6 33. Rf4 R6e7 34. Rxe7 Rxe7 35. Rf6 a5 36. Rf5 Ra7 37. Ke2 Kg7 38. Kd3
1-0

[Event "mature chess players"]
[Site "SchemingMind.com"]
[Date "2006.12.04"]
[Round "-"]
[White "Mariazb"]
[Black "agrillage"]
[Result "1-0"]
[WhiteCountry "ARG"]
[BlackCountry "MLT"]
[WhiteElo "2224"]
[WhiteRD "68"]
[BlackElo "2010"]
[BlackRD "70"]
[GameID "80167"]

1. Nf3 c5 2. e4 g6 3. Bc4 Bg7 4. Nc3 Nc6 5. O-O e6 6. Qe2 d6 7. d3 Nge7 8. Bf4 O-O 9. a3 a6 10. Bb3 b5
11. Qd2 b4 12. axb4 cxb4 13. Na4 a5 14. d4 d5 15. Rfe1 dxe4 16. Rxe4 Nd5 17. Bh6 Nce7 18. Bxg7 Kxg7 19. Nc5 Nf5 20. h3 Nf6
21. Re5 Qb6 22. g4 Ne7 23. Re2 Nc6 24. g5 Nh5 25. c4 Qc7 26. Ba4 Rd8 27. Bxc6 Qxc6 28. Ne5 Qd6 29. Rd1 Ba6 30. Qe3 Rac8
31. Rd3 Rc7 32. b3 Bb7 33. Ra2 Ra8 34. Nxb7 Rxb7 35. Qe4 Rba7 36. Rf3 f6 37. gxf6+ Nxf6 38. Qh4 Rf8 39. Kg2 Raa8 40. Nd3 Qc6
41. Re2 Rae8 42. Nf4 Rf7 43. Rxe6 Rxe6 44. d5 Nxd5 45. cxd5 g5 46. Nxe6+
1-0

[Event "mature chess players"]
[Site "SchemingMind.com"]
[Date "2006.12.06"]
[Round "-"]
[White "Mariazb"]
[Black "Gambiteer"]
[Result "1-0"]
[WhiteCountry "ARG"]
[BlackCountry "ENG"]
[WhiteElo "2224"]
[WhiteRD "68"]
[BlackElo "2139"]
[BlackRD "62"]
[GameID "80168"]

1. d4 Nf6 2. c4 e6 3. Nc3 Bb4 4. e3 Nc6 5. Bd3 Bxc3+ 6. bxc3 Ne7 7. Ne2 d5 8. O-O O-O 9. Ba3 dxc4 10. Bxc4 b6
11. f3 a5 12. Bb3 Re8 13. Re1 Ng6 14. c4 e5 15. Ba4 Bd7 16. Bc2 exd4 17. Qxd4 c5 18. Qc3 Qe7 19. Ng3 Qe5 20. Bb2 Qxc3
21. Bxc3 Be6 22. Bd3 Rad8 23. Red1 Nd7 24. Be2 f6 25. f4 Bf7 26. Kf2 Ne7 27. Rd2 Nb8 28. Rxd8 Rxd8 29. Rb1 Nd7 30. Ne4 Bg6
31. Bf3 Bxe4 32. Bxe4 f5 33. Bc2 Kf7 34. Rd1 g6 35. Be5
1-0

[Event "mature chess players"]
[Site "SchemingMind.com"]
[Date "2006.12.06"]
[Round "-"]
[White "Mariazb"]
[Black "Aumonde"]
[Result "1/2-1/2"]
[WhiteCountry "ARG"]
[BlackCountry "USA"]
[WhiteElo "2224"]
[WhiteRD "68"]
[BlackElo "2244"]
[BlackRD "56"]
[GameID "80169"]

1. d4 Nf6 2. c4 e5 3. dxe5 Ne4 4. Qc2 Bb4+ 5. Nd2 d5 6. Nf3 Nc6 7. e3 Bf5 8. Bd3 O-O 9. a3 Nxd2 10. Bxd2 Bxd3
11. Qxd3 Bxd2+ 12. Kxd2 dxc4 13. Qxd8 Raxd8+ 14. Kc3 Rd3+ 15. Kxc4 Rfd8 16. b4 a6 17. a4 g5 18. Rhb1 g4 19. b5 Na5+ 20. Kb4 gxf3
21. Kxa5 fxg2 22. bxa6 R8d5+ 23. Kb4 bxa6 24. Kc4 Kf8 25. Rb8+ Ke7 26. Rg1 Rd1 27. Rxg2 Rxe5 28. Ra8 Rc1+ 29. Kd3 Rd5+ 30. Ke2 Rc2+
31. Ke1 a5 32. Rg4 Rf5 33. Re4+ Kd7 34. Rd4+= Kc6 35. Rf4 Rxf4 36. exf4 Rc5 37. Ke2 Kd6 38. Kd3 f6 39. h4 h6 40. f3 Rh5
41. Ke4 c6 42. Rd8+ Ke7 43. Ra8 Rc5 44. Kd3 Rd5+ 45. Ke4 Rh5 46. Rc8 Kd7 47. Rf8 Ke6 48. f5+ Ke7 49. Ra8 Rxh4+ 50. f4 Rh1
51. Rxa5 Re1+ 52. Kf3 Kd6 53. Ra7 Re7 54. Ra8 Rf7 55. a5 h5 56. a6 Kc5 57. Kg3 Kb6 58. Kh4 c5 59. Kxh5 Rc7 60. Kg6 c4
61. Kxf6 c3 62. Rb8+ Kxa6 63. Rb1 Ka5 64. Rc1 Kb4 65. Kg6 Rc4 66. f6 Rxf4 67. f7 Kb3 68. Rb1+ Ka2 69. Re1 Kb2 70. Re8 c2
71. Rb8+=
1/2-1/2

[Event "mature chess players"]
[Site "SchemingMind.com"]
[Date "2006.12.05"]
[Round "-"]
[White "Mariazb"]
[Black "Tanis"]
[Result "1-0"]
[WhiteCountry "ARG"]
[BlackCountry "CHN"]
[WhiteElo "2224"]
[WhiteRD "68"]
[BlackElo "2000"]
[BlackRD "77"]
[GameID "80171"]

1. d4 Nf6 2. Bg5 Ne4 3. Bf4 c5 4. Nd2 Nxd2 5. Qxd2 cxd4 6. O-O-O Qb6 7. e3 Qe6 8. Kb1 dxe3 9. Bxe3 Nc6 10. Nf3 g6
11. Re1 f6 12. Qc3 Bg7 13. Bh6 Qg8 14. Bc4 Qf8 15. Bxg7 Qxg7 16. h4 Rf8 17. Nd4 Nxd4 18. Qxd4 Kd8 19. Re3 e5 20. Qd5 Qe7
21. Rd1 Re8 22. Rb3 Rb8 23. Rc3 a6 24. Bxa6 Qe6 25. Qc5 Qxa6 26. Qc7+
1-0

[Event "mature chess players"]
[Site "SchemingMind.com"]
[Date "2006.12.04"]
[Round "-"]
[White "Mariazb"]
[Black "mebalse"]
[Result "1-0"]
[WhiteCountry "ARG"]
[BlackCountry "URU"]
[WhiteElo "2128"]
[WhiteRD "81"]
[BlackElo "1888"]
[BlackRD "81"]
[GameID "80172"]

1. Nf3 Nc6 2. d4 d5 3. c4 Nf6 4. cxd5 Qxd5 5. Nc3 Qh5 6. d5 Ne5 7. Bf4 Nxf3+ 8. exf3 Bd7 9. g4 Qh4 10. Qd2 Nxg4
11. Nb5 Bxb5 12. Bxb5+ Kd8 13. fxg4 Qxg4 14. Rc1 Rc8 15. Qd4 Qf5 16. Qc4 e5 17. dxe6 Qxe6+ 18. Qxe6 fxe6 19. Bg5+
1-0

[Event "mature chess players"]
[Site "SchemingMind.com"]
[Date "2006.12.04"]
[Round "-"]
[White "Mariazb"]
[Black "ekulrac"]
[Result "1-0"]
[WhiteCountry "ARG"]
[BlackCountry "SCO"]
[WhiteElo "2128"]
[WhiteRD "81"]
[BlackElo "1702"]
[BlackRD "59"]
[GameID "80173"]

1. d4 Nf6 2. Bg5 d5 3. e3 Bf5 4. Nc3 h6 5. Bxf6 exf6 6. Bd3 Qd7 7. Nge2 Bb4 8. O-O c6 9. Bxf5 Qxf5 10. e4 Qh5
11. Qd3 Bd6 12. Ng3 Bxg3 13. Qxg3 O-O 14. Qc7 Qg4 15. Qxb7 Nd7 16. Qxc6 dxe4 17. Qxe4 Qh5 18. Nd5 Rab8 19. Ne7+ Kh8 20. b3 Rb5
21. c4 Rg5 22. f4 Ra5 23. c5 g6 24. f5 g5 25. Qc6 Nb8 26. Qxf6+ Kh7 27. Ng6
1-0

[Event "mature chess players"]
[Site "SchemingMind.com"]
[Date "2006.12.05"]
[Round "-"]
[White "Mariazb"]
[Black "DeekMan"]
[Result "1-0"]
[WhiteCountry "ARG"]
[BlackCountry "SCO"]
[WhiteElo "2224"]
[WhiteRD "68"]
[BlackElo "2101"]
[BlackRD "77"]
[GameID "80174"]

1. e4 e5 2. Nf3 Nf6 3. Nxe5 d6 4. Nc4 Nxe4 5. Qe2 d5 6. d3 Nc6 7. dxe4 dxc4 8. Qxc4 Be6 9. Qd3 Bc5 10. Be3 Qxd3
11. cxd3 Nd4 12. Kd2 O-O-O 13. Nc3 Rhe8 14. g3 Nf3+ 15. Kc2 Nd4+ 16. Kb1 f5 17. Bg2 fxe4 18. Bxe4 g6 19. b3 c6 20. Kb2 Bf8
21. Rac1 Bg7 22. Kb1 Bf8 23. h4 Bg4 24. Bxd4 Rxd4 25. h5 Bxh5 26. f3 Ba3 27. Rcf1 Bb4 28. Kb2 Re5 29. g4 Bxg4 30. fxg4 Re7
31. a3 Bxc3+ 32. Kxc3 Rdd7 33. Rf8+ Kc7 34. b4 Rf7 35. Rh8 a6 36. a4 Kd6 37. d4 Rde7 38. Bd3 Rd7 39. g5 Kc7 40. Rh4 Kd6
41. a5 Rde7 42. Rh3 Rd7 43. Bc4 Rg7 44. Rf3 Kc7 45. Be6 Rde7 46. Rf6 b6 47. Kc4 bxa5 48. bxa5 Kb7 49. d5 Kc7 50. Rc8+
1-0

[Event "mature chess players"]
[Site "SchemingMind.com"]
[Date "2006.12.05"]
[Round "-"]
[White "rabbit"]
[Black "Mariazb"]
[Result "0-1"]
[WhiteCountry "USA"]
[BlackCountry "ARG"]
[WhiteElo "1943"]
[WhiteRD "74"]
[BlackElo "2224"]
[BlackRD "68"]
[GameID "80175"]

1. e4 c5 2. c3 d5 3. exd5 Qxd5 4. d4 cxd4 5. cxd4 Nc6 6. Nf3 Nf6 7. Nc3 Qf5 8. Bd3 Qa5 9. O-O Bg4 10. h3 Bh5
11. Bf4 e6 12. Rc1 Be7 13. Bb5 O-O 14. Re1 Nb4 15. a4 Rfc8 16. Bg3 a6 17. Be2 Nbd5 18. Qd3 Nxc3 19. Rxc3 Rxc3 20. bxc3 Nd5
21. Qb1 b5 22. c4 Nc3 23. Qc1 bxa4 24. Bd3 Bxf3 25. gxf3 Bf6 26. Be5 a3 27. Bxf6 gxf6 28. Kh1 Kf8 29. Bxh7 a2 30. Qh6+ Ke7
31. Ra1 Qa3 32. Qd2 Rb8 33. Qf4 Rb7 34. Be4 Ne2
0-1

[Event "mature chess players"]
[Site "SchemingMind.com"]
[Date "2006.12.04"]
[Round "-"]
[White "agrillage"]
[Black "Mariazb"]
[Result "0-1"]
[WhiteCountry "MLT"]
[BlackCountry "ARG"]
[WhiteElo "2010"]
[WhiteRD "70"]
[BlackElo "2224"]
[BlackRD "68"]
[GameID "80176"]

1. c4 c5 2. Nf3 Nc6 3. d4 cxd4 4. Nxd4 e5 5. Nb5 d6 6. g3 Be6 7. b3 Nf6 8. Bg2 Be7 9. O-O O-O 10. Bg5 a6
11. N5c3 h6 12. Bxf6 Bxf6 13. Nd2 Bg4 14. h3 Bh5 15. g4 Bg6 16. Nde4 Be7 17. Nd5 Bh4 18. Ndc3 Be7 19. Qd2 f5 20. gxf5 Bxf5
21. Rad1 Rf7 22. Nxd6 Bxd6 23. Qxd6 Qh4 24. Bd5 Rf8 25. Bxf7+ Rxf7 26. Rd3 Bxh3 27. Qd5 Bxf1 28. Rf3= Nd8 29. Rxf7 Nxf7 30. Kxf1 Qh3+
31. Kg1 Qxc3 32. Qxb7 Ng5 33. Qc8+ Kf7 34. Qb7+ Kg6 35. Qxa6+ Kh7 36. Qc8 Qc2 37. a4 h5 38. a5 Qxe2 39. Qf5+ Kh6 40. Kg2 h4
41. Qf8 Qg4+ 42. Kf1 Qd1+ 43. Kg2 h3+ 44. Kh2 Qg4
0-1

[Event "mature chess players"]
[Site "SchemingMind.com"]
[Date "2006.12.07"]
[Round "-"]
[White "Gambiteer"]
[Black "Mariazb"]
[Result "1/2-1/2"]
[WhiteCountry "ENG"]
[BlackCountry "ARG"]
[WhiteElo "2139"]
[WhiteRD "62"]
[BlackElo "2224"]
[BlackRD "68"]
[GameID "80177"]

1. Nf3 d5 2. c4 e6 3. g3 Nf6 4. Bg2 Be7 5. O-O O-O 6. cxd5 exd5 7. d4 Nc6 8. Nc3 Re8 9. Ne5 Be6 10. Bg5 Nxe5
11. dxe5 Nd7 12. Bxe7 Qxe7 13. f4 Nb6 14. e4 Qc5+ 15. Rf2 Rad8 16. exd5 Nxd5 17. Nxd5 Bxd5 18. b4 Qc6 19. Rd2 Qb6+ 20. Kh1 Bxg2+
21. Kxg2 Qc6+ 22. Kg1 Qb6+ 23. Kg2 Rxd2+ 24. Qxd2 c5 25. bxc5 Qc6+ 26. Kh3 Qh6+ 27. Kg4=
1/2-1/2

[Event "mature chess players"]
[Site "SchemingMind.com"]
[Date "2006.12.09"]
[Round "-"]
[White "Aumonde"]
[Black "Mariazb"]
[Result "1-0"]
[WhiteCountry "USA"]
[BlackCountry "ARG"]
[WhiteElo "2244"]
[WhiteRD "56"]
[BlackElo "2224"]
[BlackRD "68"]
[GameID "80178"]

1. Nf3 d5 2. d4 Nf6 3. c4 e6 4. Bg5 Bb4+ 5. Nc3 dxc4 6. e4 h6 7. Bxf6 Qxf6 8. Bxc4 O-O 9. O-O Nc6 10. e5 Qd8
11. Qd3 Na5 12. Bb5 b6 13. Ba4 Bb7 14. Ne2 c5 15. Bc2 g6 16. a3 c4 17. Qe3 Be7 18. Qxh6 Bxf3 19. gxf3 Bg5 20. Qh3 Qd7
21. f4 Be7 22. Qh6 Rfd8 23. Bxg6 fxg6 24. Qxg6+ Kf8 25. f5 Bh4 26. Nf4 exf5 27. Qh6+ Qg7+ 28. Ng6+ Kf7 29. Qxg7+ Kxg7 30. Nxh4 Nb3
31. Rad1 Rd5 32. Nxf5+ Kf7 33. Kh1 Ke6 34. Ng7+ Kf7 35. Rg1 Rad8 36. Rg4 Rxe5 37. Rf4+ Ke7 38. Nf5+ Ke8 39. Ne3 Re7 40. Nxc4 Red7
41. Re1+ Re7 42. Rxe7+ Kxe7 43. Ne3 Nc1 44. Rf3 Ke6 45. d5+ Ke5 46. Rf7 a5 47. Kg1 Nd3 48. b3 Nc5 49. Rf5+ Ke4 50. Rf6 Rg8+
51. Kf1 b5 52. Rb6 Nxb3 53. Rxb5 Nd4 54. Rb7 Kd3 55. h3 Nf3 56. Ng4 Nd2+ 57. Kg2 Nc4 58. a4 Kd4 59. Kg3 Kxd5 60. h4 Ra8
61. h5 Nd6 62. Rd7 Ke6 63. Rc7 Nf5+ 64. Kh3
1-0

[Event "mature chess players"]
[Site "SchemingMind.com"]
[Date "2006.12.05"]
[Round "-"]
[White "Tanis"]
[Black "Mariazb"]
[Result "0-1"]
[WhiteCountry "CHN"]
[BlackCountry "ARG"]
[WhiteElo "2000"]
[WhiteRD "77"]
[BlackElo "2224"]
[BlackRD "68"]
[GameID "80180"]

1. e4 e6 2. d4 d5 3. e5 c5 4. c3 Nc6 5. Nf3 Qb6 6. Be2 cxd4 7. cxd4 Nh6 8. Nc3 Nf5 9. Na4 Qa5+ 10. Kf1 b5
11. Nc3 b4 12. Nb5 Ba6 13. Nc7+ Qxc7 14. Bxa6 Qa5 15. Be2 h5 16. Bg5 Rc8 17. Kg1 Qb6 18. Rc1 Be7 19. Be3 O-O 20. Bd3 Nxe3
21. fxe3 g5 22. Bb1 f5 23. exf6 Bxf6 24. Qd3 Rc7 25. Qg6+ Rg7 26. Qxh5 Nxd4 27. exd4 Bxd4+
0-1

[Event "mature chess players"]
[Site "SchemingMind.com"]
[Date "2006.12.04"]
[Round "-"]
[White "mebalse"]
[Black "Mariazb"]
[Result "0-1"]
[WhiteCountry "URU"]
[BlackCountry "ARG"]
[WhiteElo "1888"]
[WhiteRD "81"]
[BlackElo "2128"]
[BlackRD "81"]
[GameID "80181"]

1. e4 c5 2. f4 d5 3. exd5 Nf6 4. c4 e6 5. dxe6 Bxe6 6. d3 Nc6 7. Nf3 Bd6 8. Be2 O-O 9. O-O Re8 10. Nc3 Bf5
11. g3 Bc7 12. b3 Nd4 13. Bd2 Bg4 14. Nxd4 Qxd4+ 15. Kg2 Rxe2+ 16. Nxe2 Qxd3 17. Qe1 Bxe2 18. Rf2 Re8 19. Rc1 Ng4 20. Rc3 Bf3+
21. Rxf3 Re2+ 22. Rf2 Qe4+
0-1

[Event "mature chess players"]
[Site "SchemingMind.com"]
[Date "2006.12.04"]
[Round "-"]
[White "ekulrac"]
[Black "Mariazb"]
[Result "0-1"]
[WhiteCountry "SCO"]
[BlackCountry "ARG"]
[WhiteElo "1702"]
[WhiteRD "59"]
[BlackElo "2128"]
[BlackRD "81"]
[GameID "80182"]

1. e4 d6 2. d4 Nf6 3. Nc3 g6 4. Nf3 Bg7 5. Be2 O-O 6. O-O Bg4 7. h3 Bxf3 8. Bxf3 Nc6 9. Be3 Nd7 10. Qd2 Nb6
11. Be2 e5 12. d5 Nd4 13. Bxd4 exd4 14. Nb5 Qh4 15. f4 Qe7 16. Bf3 Nc4 17. Qc1 c6 18. Na3 Ne3 19. Re1 cxd5 20. exd5 Qh4
21. c4 Qxf4 22. Nc2 Rac8 23. Nxe3 dxe3 24. Qxe3 Bd4
0-1

[Event "mature chess players"]
[Site "SchemingMind.com"]
[Date "2006.12.05"]
[Round "-"]
[White "DeekMan"]
[Black "Mariazb"]
[Result "0-1"]
[WhiteCountry "SCO"]
[BlackCountry "ARG"]
[WhiteElo "2101"]
[WhiteRD "77"]
[BlackElo "2224"]
[BlackRD "68"]
[GameID "80183"]

1. d4 Nf6 2. Nf3 d5 3. Nc3 Bf5 4. e3 Nc6 5. Bb5 a6 6. Bxc6+ bxc6 7. Ne5 Qd6 8. O-O g6 9. Ne2 Bg7 10. Ng3 Bd7
11. Bd2 O-O 12. Bc3 Rfe8 13. Qd2 Ne4 14. Nxe4 dxe4 15. Bb4 Qe6 16. Qc3 Rab8 17. Rad1 Rb5 18. Bc5 Bc8 19. a4 Rb8 20. b3 Qd5
21. Rd2 Bf6 22. Rfd1 Bg7 23. f4 exf3 24. Nxf3 Bg4 25. Rf1 Bh6 26. Ne5 Bf5 27. Ba3 Qe4 28. Rf3 c5 29. Bxc5 f6 30. Nc4 Kg7
31. Rff2 Rbd8 32. Rf1 Rd5 33. Re2 e5 34. Ref2 Kg8 35. h3 Bg5 36. g4 Bd7 37. Qd3 exd4 38. Qxe4 Rxe4 39. Bxd4 f5 40. Rf3 Bh6
41. gxf5 Rxf5 42. Kg2 Rh5 43. Rd1 Bc6 44. Kf2 Re8 45. Rg3 Be4 46. Rd2 Rf8+ 47. Ke2 Bf5 48. Rf3 Rxh3 49. Rxh3 Bxh3 50. Kd3 Re8
51. Kc3 Be6 52. Rf2 Bf8 53. Nd2 c5 54. Bf6 Bf5 55. Nc4 Re6 56. Bd8 Be4 57. Kd2 h6 58. Kc1 g5 59. Nd2 Bd5 60. Rf5 Bb7
61. Nc4 Be4 62. Rf2 g4 63. Bc7 Be7 64. Bg3 h5 65. Rh2 Rh6 66. Bf4 Rh7 67. Nd6 Bxd6 68. Bxd6 h4 69. Rf2 Rf7 70. Rf4 Rxf4
71. Bxf4 g3 72. Kd2 Kf7 73. c3 Ke6 74. Ke2 Kf5 75. Bd6 Kg4 76. Bxc5 h3
0-1